00375cam a22001337a 4500008004000000082001400040100001900054245004900073260003000122300001000152440003500162650001400197650003000211180718b1990 xxu||||| |||| 00| 0 eng d aYx54 M691 aSingh, Tej Vir aGeography of the mountainscby Tej Vir Singh aNew DelhibHeritagec1990 a305p. aContribution to India Gography aMountains aNatural resources - India